Arrêts de tram de Nantes - Ligne 2 - Statistiques

Statistiques générales
  • Ce quiz a été pris 85 fois
  • Le résultat moyen est 18 sur 25
Statistiques - réponses
Commune Arrêts Correspondances % Correct
Nantes Commerce 1, 3, C2, C3, C8, 26
96%
Nantes Place du Cirque C1, C2, C6, 11, 12, 23
91%
Nantes Hôtel Dieu 3, C2, C3, C8
89%
Orvault Orvault - Grand Val 50, 79, 89
89%
Nantes 50 Otages C2, 12, 23
88%
Nantes Facultés 75
88%
Nantes École Centrale - Audencia C20, 66, 75, 80, E5
82%
Rezé Gare de Pont Rousseau
82%
Nantes Morrhonnière - Petit Port 26
82%
Nantes Michelet - Sciences 10, 23
81%
Nantes Pirmil 3, C4, C9, 27, 28, 36, 38, 42, E8
81%
Nantes Saint-Félix
81%
Nantes Saint-Mihiel
81%
Nantes Motte Rouge
79%
Nantes Vincent Gâche 3, 5
70%
Nantes Wattignies 3
70%
Nantes Recteur Schmitt 26, 66, 75, 80, 86, E5
67%
Orvault Le Cardo C2, 50, 59, 89
61%
Nantes Aimé Delrue 3
60%
Nantes Mangin 3, 26
58%
Nantes Bourgeonnière 26, 86
56%
Nantes Chêne des Anglais C2, 96
47%
Nantes René Cassin C2, 50, 96
44%
Nantes Santos Dumont 96
39%
Nantes Boissière 96
35%
Aucun quiz correspondant
Distribution des résultats
% des personnes avec chaque résultat
Percentile par nombre de réponses
Votre historique - résultats
Vous n’avez pas pris ce quiz